| 000 | 00380cam a22001217a 4500 | ||
|---|---|---|---|
| 008 | 180718b1957 xxu||||| |||| 00| 0 eng d | ||
| 082 | _aB14x54 J612 | ||
| 100 | _aJohn, M.P., et.al. | ||
| 245 |
_aThe changing pattern of family in India _cby M.P. John, et.al. |
||
| 260 |
_aBangalore _bChristian Institute for the Study of Society _c1957 |
||
| 300 | _a65p. | ||
| 650 | _aFamily - India | ||
| 999 |
_c371542 _d371542 |
||